10 Most Visited U.S. National Parks - Statistics

General Stats
  • This quiz has been taken 18 times
  • The average score is 6 of 10
Answer Stats
Visitors Answer % Correct
4.7m Yellowstone
100%
4.1m Yosemite
89%
4.9m Grand Canyon
67%
12.1m Great Smoky Mountains
67%
4.9m Zion
61%
3.9m Acadia
50%
3.7m Olympic
50%
4.1m Rocky Mountain
44%
3.2m Glacier
39%
3.6m Grand Teton
33%
No matching quizzes found
Score Distribution
Percent of People with Each Score
Percentile by Number Answered
Your Score History
You have not taken this quiz